00596 2200229 4500001002100000005001700021008004100038020001800079035002400097040001200121082001200133090002100145100002500166245004000191250001100231260003000242300002400272504002600296650001700322850001200339990001500351YOGYA-0209000003202120090227024638.0 ind  a979-413-013-3 0010-020900000032021 aYOPDYOG a633.368 aT 633.368bAks K aAKSI AGRARIS KANISUS aKacang tanahcAksi Agraris Kanisius aCet. 8 aYogyakartabKanisusc1997 a84 hlmbilusc21 cm aBibliografi : hlm. 84 aKacang tanah aYOPDYOG a00P0003875